000 00904cam a2200253 i 4500
999 _c30416
_d30416
001 20649806
005 20210317194646.0
008 180829s2018 ke b 000 0 eng
010 _a 2018354555
020 _a9789966028815
040 _aDLC
_beng
_erda
_cDLC
042 _alcode
_apcc
043 _af-ke---
050 0 0 _aHQ 1236.5 .K4W44 2018
245 0 0 _aWhere women are :
_bgender & the 2017 Kenyan elections /
_cedited by: Nanjala Nyabola and Marie-Emmanuelle Pommerolle.
260 _aNairobi :
_bTwaweza Communications LTD,
_cc2017.
300 _a208 pages ;
_c21 cm.
504 _aIncludes bibliographical references.
650 0 _aWomen
_xPolitical activity
_zKenya.
700 1 _aNyabola, Nanjala,
_eeditor.
700 1 _aPommerolle, Marie-Emmanuelle,
_eeditor.
942 _2lcc
_cBOOKS
_hHQ 1236.5 .K4W44 2018